000 00454nam a2200193Ia 4500
005 20240823014530.0
008 240823s9999||||xx |||||||||||||| ||und||
020 _a81-87721-65-0
041 _aENGLISH
082 _A621.317 P4
100 _aGnanavadivel J et al.
245 0 _aSolid State Drives
250 _a1st
260 _c2004
_bAnuradha Age
_aKumbakonam
500 _aYES
650 _aSolids
_bElectrical
942 _cBK
999 _c170302
_d170302